000 02835nam0a2200457 4500
001 RU\NLR\BIBL_A\011720486
005 20250630160214.0
020 _aRU
_b15745
_9Сводный каталог листовок первых лет Советской власти (25 октября (7 ноября) 1917 - 1925) Т.5. Листовки советских, партийных, профсоюзных, комсомольских и других организаций Уральской области, автономных областей и республик РСФСР. Ч.2
035 _a(NLR Aleph) 011720486
090 _a11480508
_c11480508
100 _a20180606d1920 |||y0rusy50 ca
101 0 _arus
102 _aRU
105 _ay z 000zy
135 _acrcn 024apada
200 1 _aПриказ № 94 войсковым частям и учреждениям Козмодемьянского уездного комиссариата по военным делам, 3 мая 1920 г., г. Козмодемьянск: [О закупке лошадей у населения
_eлистовка]
210 _a[Козмодемьянск
_cб.и.
_d1920, май]
215 _a1 с. в 2 стб.
_d32х37
300 _aПодписи: Уездный военный комиссар Травин; военный руководитель Пьянков
316 _aЭкз. деф.: повреждено загл.
_5NLR
325 1 _aКопия доступна в Электронной библиотеке РНБ
517 1 _aО закупке лошадей у населения
607 _aРСФСР
_jЛистовки
_xПолитика и управление
_y1917 - 1925
_92312782
_3RU\NLR\auth\6601609564
686 0 _aТ3(2)71-313,011
686 0 _aТ3 (2)712.9-9(2Р-6М),011
702 1 _4720
_7ca
_8rus
_aТравин
_bИ. М.
_cвоен. комиссар, г. Козмодемьянск
_gИван Михайлович
_9199720
_3RU\NLR\AUTH\770199771
702 1 _aПьянков
_cучастник местного самоуправления, г. Козмодемьянск
_4720
710 0 2 _aКозьмодемьянский уездный комиссариат по военным делам
_9638015
_3RU\NLR\AUTH\880488811
852 0 0 _aNLR
_bФЛ
_j39/21
856 0 _uhttps://vivaldi.nlr.ru/ll700004067/view
856 1 _uhttps://vivaldi.nlr.ru/ll700004067/cover
856 2 _uhttps://vivaldi.nlr.ru/ll700004067/text
942 _cBOOK
980 _aNB
981 2 1 _a(21) Листовки
_b(21) Листовки 1920 года